[Event "Saint Louis Rapid & Blitz"]
[Site "Saint Louis, MO USA"]
[Date "2022.08.29"]
[EventDate "2022.08.25"]
[Round "6"]
[Result "1-0"]
[White "Alireza Firouzja"]
[Black "S Shankland"]
[WhiteElo "2778"]
[BlackElo "2720"]
[PlyCount "62"]

1. c4 e6 2. g3 d5 3. Bg2 Nf6 4. Nf3 Be7 5. O-O O-O 6. d3 c5 7. cxd5 exd5 8.
d4 Nc6 9. Nc3 Ne4 10. Be3 Nxc3 11. bxc3 c4 12. Qb1 g6 13. Ne5 Bd6 14. Bf4
Rb8 15. Qb5 Ne7 16. Bh6 a6 17. Qb2 Re8 18. e4 dxe4 19. Nxc4 Bc7 20. Rfe1
Be6 21. Na3 Nf5 22. Bd2 Nd6 23. Bf4 f5 24. d5 Bf7 25. c4 g5 26. Be5 Rxe5
27. Qxe5 Nxc4 28. Qxf5 Nxa3 29. Bxe4 Bg6 30. Qe6+ Kg7 31. Bxg6 1-0

[Event "Saint Louis Rapid & Blitz"]
[Site "Saint Louis, MO USA"]
[Date "2022.08.29"]
[EventDate "2022.08.25"]
[Round "7"]
[Result "0-1"]
[White "S Mamedyarov"]
[Black "Alireza Firouzja"]
[WhiteElo "2758"]
[BlackElo "2778"]
[PlyCount "92"]

1. d4 Nf6 2. c4 e6 3. Nf3 d5 4. Nc3 Bb4 5. Bg5 h6 6. Bxf6 Qxf6 7. e3 dxc4
8. Bxc4 c5 9. O-O cxd4 10. Ne4 Qf5 11. Qa4+ Nc6 12. Qxb4 Qxe4 13. Bb5 Bd7
14. Bxc6 Bxc6 15. Qxd4 Qg6 16. Nh4 Qg5 17. Qf4 Qxf4 18. exf4 Rd8 19. Rfd1
Ke7 20. g3 g5 21. Ng2 Bf3 22. Rxd8 Rxd8 23. fxg5 hxg5 24. h4 gxh4 25. Nxh4
Bc6 26. Ng2 Rd2 27. b3 b5 28. b4 Kd6 29. a3 Rd3 30. Ne3 f5 31. Kf1 Rb3 32.
Rd1+ Ke5 33. Re1 Be4 34. Ra1 f4 35. gxf4+ Kxf4 36. a4 a6 37. axb5 axb5 38.
Ra6 Kf3 39. Ke1 Rb1+ 40. Kd2 Rb2+ 41. Kc3 Rxf2 42. Nd1 Rc2+ 43. Kb3 Rd2 44.
Nc3 Bd3 45. Ka3 Bc4 46. Rb6 Rc2 0-1

[Event "Saint Louis Rapid & Blitz"]
[Site "Saint Louis, MO USA"]
[Date "2022.08.29"]
[EventDate "2022.08.25"]
[Round "8"]
[Result "1-0"]
[White "Alireza Firouzja"]
[Black "Vachier Lagrave,M"]
[WhiteElo "2778"]
[BlackElo "2757"]
[PlyCount "124"]

1. Nf3 c5 2. c4 Nc6 3. Nc3 e5 4. e3 Nf6 5. Qc2 g6 6. a3 Bg7 7. Be2 O-O 8.
O-O d6 9. d3 b6 10. Rb1 h6 11. b4 Be6 12. Qa4 Rc8 13. Bb2 Qd7 14. Nd2 Rfd8
15. Nde4 Ne8 16. Bf3 f5 17. Nd2 Nf6 18. Bd5 Kh7 19. Bxe6 Qxe6 20. b5 Na5
21. e4 Qd7 22. Nd5 Nxd5 23. cxd5 c4 24. dxc4 Nb7 25. Qxa7 Qc7 26. Qa4 f4
27. Qd1 Nc5 28. Bc3 Ra8 29. Bb4 h5 30. Bxc5 Qxc5 31. a4 Ra7 32. a5 bxa5 33.
b6 Rb7 34. Rb5 Qd4 35. c5 dxc5 36. Qc2 c4 37. Nf3 Qd3 38. Qxd3 cxd3 39.
Rxa5 Rxb6 40. Ra3 Bf6 41. h4 Rb4 42. Re1 d2 43. Nxd2 Bxh4 44. Nf3 Bf6 45.
Ra6 Rf8 46. Re6 g5 47. Nxe5 Bxe5 48. Rxe5 Kg6 49. Re6+ Rf6 50. Rxf6+ Kxf6
51. e5+ Ke7 52. e6 Rd4 53. Re5 Rd1+ 54. Kh2 g4 55. Rxh5 Rd2 56. Rg5 Rxf2
57. Rxg4 f3 58. Kg1 Rd2 59. Rg7+ Kf6 60. Rf7+ Kg6 61. gxf3 Rxd5 62. f4 1-0

[Event "Saint Louis Rapid & Blitz"]
[Site "Saint Louis, MO USA"]
[Date "2022.08.29"]
[EventDate "2022.08.25"]
[Round "9"]
[Result "0-1"]
[White "Dominguez Perez,L"]
[Black "Alireza Firouzja"]
[WhiteElo "2754"]
[BlackElo "2778"]
[PlyCount "74"]

1. e4 e5 2. Nf3 Nc6 3. Bc4 Nf6 4. d3 Bc5 5. O-O d6 6. c3 O-O 7. h3 a5 8.
Re1 Ba7 9. Nbd2 Ne7 10. d4 Ng6 11. Bb3 c6 12. Bc2 exd4 13. cxd4 d5 14. e5
Nh5 15. Nf1 Nhf4 16. Bxf4 Nxf4 17. Qd2 Ne6 18. Ng3 f6 19. Nf5 fxe5 20. Nxe5
g6 21. Nh6+ Kg7 22. Neg4 Nxd4 23. Qc3 Bxg4 24. Nxg4 h5 25. Re6 hxg4 26.
Rxg6+ Kf7 27. Re1 Re8 28. Rxg4 Rxe1+ 29. Qxe1 Qf6 30. Bg6+ Kf8 31. Qe3 Ne6
32. Qh6+ Ke7 33. Kh2 Bxf2 34. Qh7+ Kd6 35. Bf5 Rh8 36. Qg6 Qxg6 37. Rxg6
Re8 0-1

[Event "Saint Louis Rapid & Blitz"]
[Site "Saint Louis, MO USA"]
[Date "2022.08.30"]
[EventDate "2022.08.25"]
[Round "10"]
[Result "1/2-1/2"]
[White "I Nepomniachtchi"]
[Black "Alireza Firouzja"]
[WhiteElo "2792"]
[BlackElo "2778"]
[PlyCount "96"]

1. d4 Nf6 2. c4 e6 3. Nf3 d5 4. g3 dxc4 5. Bg2 c5 6. O-O Nc6 7. dxc5 Qxd1
8. Rxd1 Bxc5 9. Nbd2 c3 10. bxc3 O-O 11. Nb3 Be7 12. c4 Bd7 13. Bb2 Rfd8
14. Nfd4 Rac8 15. Rac1 Be8 16. h4 Nxd4 17. Rxd4 b6 18. Rxd8 Rxd8 19. Bd4
Ba4 20. e3 Rc8 21. c5 Bxb3 22. axb3 bxc5 23. b4 Nd7 24. Bf1 Rc7 25. Bb5 Bd6
26. Bb2 Nb6 27. Rd1 Be7 28. Be5 Rc8 29. Ba6 Re8 30. bxc5 Bxc5 31. Rc1 Bf8
32. Rc7 Re7 33. Rc6 Rd7 34. Bd4 h6 35. h5 Bd6 36. Bb5 Rd8 37. Kg2 Bb8 38.
Bxb6 axb6 39. Rxb6 Kf8 40. Rb7 Be5 41. f4 Rb8 42. Rxb8+ Bxb8 43. Kf3 Ke7
44. Ba4 Ba7 45. Bb5 Bb6 46. Ba4 Ba7 47. Bb5 Bb6 48. Ba4 Ba7 1/2-1/2

[Event "Saint Louis Rapid & Blitz"]
[Site "Saint Louis, MO USA"]
[Date "2022.08.30"]
[EventDate "2022.08.25"]
[Round "11"]
[Result "1-0"]
[White "Alireza Firouzja"]
[Black "Jeffery Xiong"]
[WhiteElo "2778"]
[BlackElo "2690"]
[PlyCount "186"]

1. c4 c5 2. g3 g6 3. Bg2 Bg7 4. Nc3 Nc6 5. d3 e6 6. h4 h6 7. Nh3 Nf6 8. Nf4
d6 9. Qd2 Bd7 10. b3 Qe7 11. Bb2 a6 12. e3 Rb8 13. d4 cxd4 14. exd4 b5 15.
O-O bxc4 16. d5 Ne5 17. Ba3 cxb3 18. axb3 Rxb3 19. dxe6 fxe6 20. Bxd6 Nc4
21. Qd1 Qxd6 22. Qxb3 Nd2 23. Rad1 g5 24. Nxe6 Bxe6 25. Rxd2 Bxb3 26. Rxd6
gxh4 27. gxh4 Kf7 28. Rxa6 Rc8 29. Ne4 Nxe4 30. Bxe4 Bd4 31. Rxh6 Rg8+ 32.
Kh1 Rg4 33. Bg2 Kg7 34. Rh5 Kg6 35. Rg5+ Rxg5 36. hxg5 Kxg5 37. Kg1 Kf4 38.
Rb1 Be6 39. Rb4 Ke5 40. Rb5+ Kd6 41. Be4 Bc4 42. Rh5 Bf7 43. Rf5 Be6 44.
Rg5 Bf7 45. Kg2 Ke7 46. f4 Bb3 47. Rb5 Bf7 48. Kg3 Kf6 49. Ra5 Bc3 50. Ra6+
Ke7 51. Kg4 Be6+ 52. Bf5 Bd5 53. Bd3 Be6+ 54. Kf3 Bd5+ 55. Be4 Bf7 56. Rc6
Bd4 57. Rh6 Bc3 58. Rh1 Kf6 59. Rc1 Bd4 60. Kg4 Be6+ 61. f5 Bf7 62. Rc6+
Ke5 63. Bd3 Bd5 64. Ra6 Be3 65. Kh5 Bf7+ 66. Kg4 Bb3 67. Ra5+ Kf6 68. Rb5
Bd1+ 69. Kg3 Ba4 70. Ra5 Bb3 71. Be4 Bc4 72. Ra4 Bb5 73. Rb4 Bd7 74. Kg4
Bc5 75. Rb7 Ba4 76. Rc7 Bd1+ 77. Kh3 Bd6 78. Rd7 Ke5 79. Bd3 Ba4 80. Ra7
Bb3 81. Ra6 Be7 82. Kg4 Bd1+ 83. Kg3 Bb3 84. Rb6 Bd5 85. Kg4 Kd4 86. Bc2
Bc5 87. Rb5 Be7 88. Bb3 Be4 89. Rb6 Bd3 90. f6 Bc5 91. f7 Ke5 92. Rb8 Be2+
93. Kg3 1-0

[Event "Saint Louis Rapid & Blitz"]
[Site "Saint Louis, MO USA"]
[Date "2022.08.30"]
[EventDate "2022.08.25"]
[Round "13"]
[Result "1-0"]
[White "Alireza Firouzja"]
[Black "L Aronian"]
[WhiteElo "2778"]
[BlackElo "2775"]
[PlyCount "76"]

1. c4 Nf6 2. Nc3 e5 3. Nf3 Nc6 4. a3 d5 5. cxd5 Nxd5 6. Qc2 Nxc3 7. bxc3
Bd6 8. g3 O-O 9. Bg2 Re8 10. d3 Bf5 11. O-O e4 12. Nh4 exd3 13. exd3 Bd7
14. Rb1 b6 15. Nf3 Rc8 16. Nd2 Bf5 17. Bxc6 Bxg3 18. hxg3 Bxd3 19. Qb3 Re6
20. Bd5 Rf6 21. Ne4 Rf5 22. Bxf7+ Rxf7 23. Ng5 Qf6 24. Nxf7 Qxf7 25. Qxf7+
Kxf7 26. Be3 Ke6 27. Rbd1 Bxf1 28. Kxf1 c5 29. c4 h5 30. Ke2 Rh8 31. Bg5 a6
32. a4 Rb8 33. Bf4 Rb7 34. Rd6+ Ke7 35. Rd5 g6 36. a5 bxa5 37. Rxc5 Rb2+
38. Bd2 1-0

[Event "Saint Louis Rapid & Blitz"]
[Site "Saint Louis, MO USA"]
[Date "2022.08.30"]
[EventDate "2022.08.25"]
[Round "14"]
[Result "0-1"]
[White "F Caruana"]
[Black "Alireza Firouzja"]
[WhiteElo "2776"]
[BlackElo "2778"]
[PlyCount "110"]

1. c4 e6 2. Nf3 d5 3. g3 dxc4 4. Qa4+ Nd7 5. Qxc4 a6 6. Qc2 b5 7. Bg2 Bb7
8. O-O Ngf6 9. d3 c5 10. Nc3 Be7 11. a4 Qb6 12. b3 O-O 13. Bb2 Rac8 14. e4
Rfd8 15. Qe2 c4 16. bxc4 bxc4 17. dxc4 Nxe4 18. a5 Nxc3 19. Bxc3 Qb3 20.
Rfc1 Qxc4 21. Qxc4 Rxc4 22. Ne5 Rc7 23. Bxb7 Rxb7 24. Nc6 Re8 25. Nxe7+
Rxe7 26. Bd4 h6 27. Rc8+ Kh7 28. Rac1 e5 29. Be3 Re6 30. Kg2 Nf6 31. R1c6
Rb5 32. R6c7 Kg6 33. Rf8 Nd5 34. Rcxf7 Nxe3+ 35. fxe3 Rxa5 36. Ra7 Ra2+ 37.
Kf3 Rf6+ 38. Rxf6+ gxf6 39. g4 Ra4 40. h3 h5 41. Ra8 hxg4+ 42. hxg4 a5 43.
Ra7 Ra1 44. Ra8 a4 45. Rg8+ Kf7 46. Ra8 a3 47. Kf2 a2 48. Kg2 Ke6 49. Ra6+
Kd5 50. Ra4 Kc5 51. Ra8 Kc4 52. Ra7 Kd3 53. Ra3+ Ke4 54. Kh2 Kf3 55. Ra6
Kxe3 0-1

[Event "Saint Louis Rapid & Blitz"]
[Site "Saint Louis, MO USA"]
[Date "2022.08.30"]
[EventDate "2022.08.25"]
[Round "15"]
[Result "0-1"]
[White "S Shankland"]
[Black "Alireza Firouzja"]
[WhiteElo "2720"]
[BlackElo "2778"]
[PlyCount "54"]

1. d4 Nf6 2. c4 e6 3. Nf3 d5 4. g3 dxc4 5. Bg2 c5 6. O-O Nc6 7. Qa4 Bd7 8.
Qxc4 b5 9. Qc3 b4 10. Qd3 cxd4 11. Nxd4 Ne5 12. Qa6 Rc8 13. Bf4 Ng6 14. Be3
Bc5 15. Nd2 O-O 16. Rac1 e5 17. Nc2 Be6 18. Rfd1 Bxe3 19. fxe3 Ng4 20. Qxa7
Rc7 21. Qa4 Qc8 22. Nf1 b3 23. axb3 Rxc2 24. Rxc2 Qxc2 25. Rd2 Qxb3 26.
Qxb3 Bxb3 27. Rd3 Rb8 0-1

[Event "Saint Louis Rapid & Blitz"]
[Site "Saint Louis, MO USA"]
[Date "2022.08.30"]
[EventDate "2022.08.25"]
[Round "16"]
[Result "1-0"]
[White "Alireza Firouzja"]
[Black "S Mamedyarov"]
[WhiteElo "2778"]
[BlackElo "2758"]
[PlyCount "56"]

1. c4 e5 2. g3 Nf6 3. Bg2 c6 4. d4 e4 5. a3 d5 6. Nc3 Be7 7. Bg5 Nbd7 8.
Qb3 O-O 9. e3 h6 10. Bxf6 Nxf6 11. cxd5 cxd5 12. Nge2 Bd6 13. O-O Bb8 14.
f3 exf3 15. Bxf3 Be6 16. Qxb7 Bd6 17. Qa6 Rb8 18. b4 Bh3 19. Rf2 Ng4 20.
Bxg4 Bxg4 21. Nxd5 Re8 22. Nec3 h5 23. e4 h4 24. e5 hxg3 25. hxg3 Bf8 26.
Qd3 Qg5 27. Ne4 Qg6 28. Nef6+ 1-0

[Event "Saint Louis Rapid & Blitz"]
[Site "Saint Louis, MO USA"]
[Date "2022.08.30"]
[EventDate "2022.08.25"]
[Round "17"]
[Result "1/2-1/2"]
[White "Vachier Lagrave,M"]
[Black "Alireza Firouzja"]
[WhiteElo "2757"]
[BlackElo "2778"]
[PlyCount "66"]

1. e4 e5 2. Nf3 Nc6 3. Bb5 Nf6 4. O-O Nxe4 5. Re1 Nd6 6. Nxe5 Be7 7. Bf1
Nxe5 8. Rxe5 O-O 9. Nc3 Ne8 10. Nd5 Bd6 11. Re1 c6 12. Ne3 Be7 13. c4 Nc7
14. d4 d5 15. cxd5 Bb4 16. Bd2 Bxd2 17. Qxd2 Nxd5 18. Nxd5 Qxd5 19. Re5 Qd6
20. Bc4 Bd7 21. a3 Rae8 22. Qc3 Rxe5 23. dxe5 Qe7 24. Rd1 Be6 25. Bxe6 Qxe6
26. h3 f6 27. exf6 Qxf6 28. Qxf6 Rxf6 29. Rd7 Rf7 30. Rd8+ Rf8 31. Rd7 Rf7
32. Rd8+ Rf8 33. Rd7 Rf7 1/2-1/2

[Event "Saint Louis Rapid & Blitz"]
[Site "Saint Louis, MO USA"]
[Date "2022.08.30"]
[EventDate "2022.08.25"]
[Round "18"]
[Result "1-0"]
[White "Alireza Firouzja"]
[Black "Dominguez Perez,L"]
[WhiteElo "2778"]
[BlackElo "2754"]
[PlyCount "74"]

1. c4 c5 2. g3 g6 3. Bg2 Bg7 4. Nc3 Nc6 5. d3 d6 6. Qd2 e6 7. b3 Nge7 8.
Bb2 O-O 9. Nf3 d5 10. O-O d4 11. Na4 b6 12. e3 e5 13. exd4 exd4 14. a3 a5
15. Rfe1 Rb8 16. Bc1 h6 17. Qd1 g5 18. Ra2 Bd7 19. h4 g4 20. Nh2 h5 21. f3
Ne5 22. fxg4 hxg4 23. Rae2 f6 24. Re4 Bc6 25. Nxg4 Bxe4 26. Rxe4 Nxg4 27.
Rxg4 f5 28. Rg5 Rf6 29. Bf4 Rc8 30. Be5 Rg6 31. Bd5+ Kf8 32. Qh5 Bxe5 33.
Rxg6 Nxg6 34. Qxg6 Qc7 35. Nxb6 Rd8 36. Qg8+ Ke7 37. Qf7+ 1-0

[Event "Sinquefield Cup"]
[Site "Saint Louis, MO USA"]
[Date "2022.09.02"]
[EventDate "2022.09.01"]
[Round "1"]
[Result "1/2-1/2"]
[White "Alireza Firouzja"]
[Black "F Caruana"]
[WhiteElo "2778"]
[BlackElo "2758"]
[PlyCount "68"]

1. c4 c5 2. Nf3 Nf6 3. Nc3 Nc6 4. e3 e5 5. Qb3 d6 6. d3 Be7 7. g3 O-O 8.
Bg2 Nb4 9. Qd1 d5 10. Nxe5 dxc4 11. dxc4 Qxd1+ 12. Kxd1 Ng4 13. Nxg4 Bxg4+
14. Kd2 Rad8+ 15. Nd5 Be6 16. e4 f5 17. Bh3 Bf6 18. Ke2 Rfe8 19. Be3 Nc2
20. Rac1 Nxe3 21. fxe3 fxe4 22. Nxf6+ gxf6 23. Bxe6+ Rxe6 24. Rhd1 Red6 25.
Rxd6 Rxd6 26. Rd1 Rxd1 27. Kxd1 Kf7 28. Ke2 Kg6 29. Kf2 Kg5 30. h3 f5 31.
Kg2 Kh5 32. Kf2 Kg5 33. Kg2 Kh5 34. Kf2 Kg5 1/2-1/2

[Event "Sinquefield Cup"]
[Site "Saint Louis, MO USA"]
[Date "2022.09.03"]
[EventDate "2022.09.01"]
[Round "2"]
[Result "1-0"]
[White "I Nepomniachtchi"]
[Black "Alireza Firouzja"]
[WhiteElo "2792"]
[BlackElo "2778"]
[PlyCount "100"]

1. d4 Nf6 2. c4 e6 3. Nf3 d5 4. g3 dxc4 5. Bg2 a6 6. O-O Nc6 7. Qc2 Nxd4 8.
Nxd4 Qxd4 9. Nd2 c3 10. bxc3 Qc5 11. Ne4 Nxe4 12. Bxe4 Bd6 13. Rb1 f5 14.
Bg2 O-O 15. Be3 Qa5 16. c4 f4 17. Bd4 Be5 18. Qb2 Bxd4 19. Qxd4 e5 20. Qd5+
Qxd5 21. Bxd5+ Kh8 22. Bxb7 Rb8 23. Bxc8 Rfxc8 24. Rfd1 Kg8 25. Rxb8 Rxb8
26. Rd5 Rb4 27. Rxe5 fxg3 28. hxg3 Rxc4 29. Ra5 Rc6 30. Kg2 Kf7 31. f4 Ke7
32. e4 Rb6 33. Kf3 Rc6 34. f5 Kf7 35. g4 h6 36. Kf4 Ke7 37. Ra4 Rb6 38. Rc4
Kd8 39. e5 Rb1 40. Rc6 Rb4+ 41. Kf3 Rb5 42. Ke4 Rb4+ 43. Kd5 Rxg4 44. Ke6
Kc8 45. Rxa6 Kb7 46. Ra3 Rg2 47. Kf7 Rf2 48. f6 Kc6 49. Kxg7 Kd7 50. Kf7
1-0

[Event "Sinquefield Cup"]
[Site "Saint Louis, MO USA"]
[Date "2022.09.05"]
[EventDate "2022.09.02"]
[Round "4.3"]
[Result "1/2-1/2"]
[White "Hans Moke Niemann"]
[Black "Alireza Firouzja"]
[WhiteElo "2688"]
[BlackElo "2778"]
[PlyCount "86"]

1. e4 e5 2. Nf3 Nc6 3. Bc4 Nf6 4. d3 Bc5 5. c3 d6 6. O-O O-O 7. Re1 Bb6 8. a4 a5
9. h3 h6 10. Na3 Ne7 11. d4 Ng6 12. Bf1 c6 13. Nc4 Bc7 14. dxe5 Nxe5 15. Bf4
Nxf3+ 16. Qxf3 d5 17. Rad1 Be6 18. e5 Nd7 19. Qg3 Kh8 20. Nd6 Nc5 21. Rd4 Bxd6
22. exd6 Ne4 23. Rexe4 dxe4 24. Rxe4 Qf6 25. Bd3 Bf5 26. Re3 Bxd3 27. Rxd3 Qf5
28. Qe3 Rfe8 29. Qd2 Rad8 30. Be3 c5 31. g4 Qe4 32. Bxc5 Qxa4 33. Bd4 Re6 34.
Bb6 Rd7 35. Bc7 Qc6 36. Re3 Rxe3 37. Qxe3 Rxc7 38. dxc7 Qxc7 39. Qe8+ Kh7 40.
Qe4+ Kg8 41. Qe8+ Kh7 42. Qe4+ Kg8 43. Qe8+ Kh7 1/2-1/2

[Event "Sinquefield Cup"]
[Site "Saint Louis, MO USA"]
[Date "2022.09.08"]
[EventDate "2022.09.01"]
[Round "6"]
[Result "1-0"]
[White "Alireza Firouzja"]
[Black "S Mamedyarov"]
[WhiteElo "2778"]
[BlackElo "2757"]
[PlyCount "56"]

1. c4 e5 2. g3 Nf6 3. Bg2 c6 4. Nf3 e4 5. Nd4 d5 6. cxd5 Qxd5 7. Nc2 Qh5 8.
h3 Qg6 9. Nc3 Bc5 10. b4 Bb6 11. Bb2 O-O 12. Ne3 Re8 13. Qc2 Nbd7 14. Rd1
a5 15. b5 Bd4 16. Rb1 c5 17. h4 h5 18. Ncd5 Nxd5 19. Nxd5 Bxf2+ 20. Kxf2
Qf5+ 21. Ke1 Qxd5 22. Rf1 Nf8 23. Qc3 Ne6 24. Rf4 f5 25. d3 Nd4 26. e3 Qxa2
27. Ra1 Qe6 28. dxe4 1-0

[Event "Sinquefield Cup"]
[Site "Saint Louis, MO USA"]
[Date "2022.09.09"]
[EventDate "2022.09.02"]
[Round "7.2"]
[Result "1/2-1/2"]
[White "Dominguez Perez, Leinier"]
[Black "Alireza Firouzja"]
[WhiteElo "2745"]
[BlackElo "2778"]
[PlyCount "110"]

1. e4 c5 2. Nf3 d6 3. d4 cxd4 4. Nxd4 Nf6 5. Nc3 a6 6. Be3 Ng4 7. Bc1 Nf6 8. Be3
Ng4 9. Bg5 h6 10. Bh4 g5 11. Bg3 Bg7 12. h3 Ne5 13. Nf5 Bxf5 14. exf5 Nbc6 15.
Nd5 e6 16. fxe6 fxe6 17. Ne3 Qa5+ 18. c3 Nf3+ 19. gxf3 Bxc3+ 20. bxc3 Qxc3+ 21.
Qd2 Qxa1+ 22. Nd1 Qd4 23. Bd3 Ne5 24. Bxe5 Qxe5+ 25. Kf1 O-O 26. Be2 Rac8 27. h4
Rf4 28. Qd3 Rxh4 29. Qg6+ Kf8 30. Rxh4 gxh4 31. Qxh6+ Ke7 32. Qxh4+ Kd7 33. Qh7+
Kc6 34. Qc2+ Kd7 35. Qh7+ Kc6 36. Qc2+ Qc5 37. Qb2 Kc7 38. Bd3 d5 39. Ke2 Qd6
40. Ne3 e5 41. Qb3 Rd8 42. Bc2 Qc5 43. Qd3 Kb8 44. Bb3 d4 45. Ng4 Ka7 46. Qc4
d3+ 47. Kd2 Qe7 48. Ne3 Rd4 49. Qc3 Kb8 50. Qa5 Qf6 51. Nd5 Qd6 52. Ne3 Qf6 53.
Nd5 Qd6 54. Ne3 Qf6 55. Nd5 1/2-1/2

[Event "Sinquefield Cup"]
[Site "Saint Louis, MO USA"]
[Date "2022.09.10"]
[EventDate "2022.09.01"]
[Round "8"]
[Result "1-0"]
[White "Alireza Firouzja"]
[Black "W So"]
[WhiteElo "2778"]
[BlackElo "2771"]
[PlyCount "64"]

1. e4 e5 2. Nf3 Nc6 3. Bc4 Bc5 4. d3 Nf6 5. O-O d6 6. c3 O-O 7. h3 h6 8.
Re1 a6 9. a4 a5 10. Nbd2 Be6 11. b3 Re8 12. Bb2 d5 13. Bb5 dxe4 14. dxe4
Nh5 15. Nc4 Qf6 16. Bxc6 bxc6 17. Ncxe5 Bxh3 18. Nd3 Qg6 19. Nh4 Qg5 20.
Nxc5 Qxh4 21. gxh3 Qg5+ 22. Qg4 Qxc5 23. c4 Rab8 24. e5 g6 25. Ba3 Qb6 26.
e6 c5 27. exf7+ Kxf7 28. Qd7+ Kf8 29. Qd5 Kg7 30. Bxc5 Nf6 31. Bxb6 Nxd5
32. Rxe8 1-0

[Event "Sinquefield Cup"]
[Site "Saint Louis, MO USA"]
[Date "2022.09.11"]
[EventDate "2022.09.01"]
[Round "9"]
[Result "1/2-1/2"]
[White "Vachier Lagrave,M"]
[Black "Alireza Firouzja"]
[WhiteElo "2757"]
[BlackElo "2778"]
[PlyCount "66"]

1. e4 e5 2. Nf3 Nc6 3. Bb5 Nf6 4. O-O Nxe4 5. Re1 Nd6 6. Nxe5 Be7 7. Bf1
Nxe5 8. Rxe5 O-O 9. Nc3 Ne8 10. Nd5 Bd6 11. Re1 c6 12. Ne3 Be7 13. c4 Nc7
14. d4 d5 15. cxd5 Bb4 16. Bd2 Bxd2 17. Qxd2 Nxd5 18. Nxd5 Qxd5 19. Re5 Qd6
20. Bc4 Bd7 21. a3 Rae8 22. Qc3 Rxe5 23. dxe5 Qe7 24. Rd1 Be6 25. Bxe6 Qxe6
26. h3 f6 27. exf6 Qxf6 28. Qxf6 Rxf6 29. Rd8+ Rf8 30. Rd7 Rf7 31. Rd8+ Rf8
32. Rd7 Rf7 33. Rd8+ Rf8 1/2-1/2

[Event "Sinquefield Cup"]
[Site "Saint Louis, MO USA"]
[Date "2022.09.11"]
[EventDate "2022.09.11"]
[Round "1"]
[Result "1/2-1/2"]
[White "Ian Nepomniachtchi"]
[Black "Alireza Firouzja"]
[WhiteElo "2792"]
[BlackElo "2778"]
[PlyCount "140"]

1. d4 Nf6 2. c4 e6 3. Nf3 d5 4. g3 Be7 5. Bg2 O-O 6. O-O dxc4 7. Qc2 a6 8. a4
Bd7 9. Qxc4 Bc6 10. Bg5 Bd5 11. Qc2 Be4 12. Qc1 Nc6 13. e3 Bb4 14. Nc3 Bxc3 15.
bxc3 h6 16. Bxf6 Qxf6 17. Nd2 Bxg2 18. Kxg2 Na5 19. Qb1 e5 20. Qe4 Rfe8 21. Qd5
b6 22. Qf3 Qxf3+ 23. Kxf3 Rad8 24. Ra2 f5 25. Rb1 Rd6 26. Rc2 c5 27. d5 e4+ 28.
Ke2 c4 29. Rcb2 Rxd5 30. Rxb6 Red8 31. R1b2 R8d6 32. Rxd6 Rxd6 33. Rb4 Rc6 34.
h3 Kf7 35. g4 g6 36. Rb8 Kf6 37. gxf5 gxf5 38. Rf8+ Kg6 39. Rb8 Kg5 40. f3 Nb3
41. Nxb3 cxb3 42. Rxb3 Kh4 43. fxe4 fxe4 44. Rb4 Re6 45. c4 Kxh3 46. c5 Rc6 47.
Rb6 Rxc5 48. Rxh6+ Kg4 49. Rg6+ Kf5 50. Rxa6 Rc2+ 51. Kd1 Ra2 52. a5 Kg4 53. Rf6
Rxa5 54. Rf4+ Kg5 55. Kd2 Rd5+ 56. Kc2 Rd6 57. Rxe4 Kf5 58. Rd4 Rxd4 59. exd4
Ke4 60. Kc3 Kd5 61. Kd3 Kd6 62. Kc4 Kc6 63. d5+ Kd6 64. Kd4 Kd7 65. Ke5 Ke7 66.
d6+ Kd7 67. Kd5 Kd8 68. Kc6 Kc8 69. d7+ Kd8 70. Kd6 1/2-1/2

[Event "Sinquefield Cup"]
[Site "Saint Louis, MO USA"]
[Date "2022.09.11"]
[EventDate "2022.09.11"]
[Round "2"]
[Result "1-0"]
[White "Alireza Firouzja"]
[Black "Ian Nepomniachtchi"]
[WhiteElo "2778"]
[BlackElo "2792"]
[PlyCount "68"]

1. c4 Nf6 2. g3 e5 3. Bg2 c6 4. Nf3 e4 5. Nd4 d5 6. cxd5 Qxd5 7. e3 Na6 8. d3
Bb4+ 9. Nc3 Bxc3+ 10. bxc3 Nc5 11. c4 Qe5 12. dxe4 Ncxe4 13. O-O c5 14. Nb3 O-O
15. f3 Nd6 16. e4 Qe7 17. e5 Nxc4 18. exf6 Qxf6 19. Qd5 Be6 20. Qxc5 h6 21. f4
Rad8 22. f5 b6 23. Qc7 Rc8 24. Qf4 Bd7 25. Qd4 Qxd4+ 26. Nxd4 Rfd8 27. Bf4 Ba4
28. Nf3 Bc2 29. g4 Nb2 30. Ne5 Ba4 31. Rac1 Rxc1 32. Rxc1 f6 33. Ng6 Nd3 34. Rc7 1-0

[Event "Airthings Masters"]
[Site "chess.com INT"]
[Date "2023.02.03"]
[EventDate "2023.02.03"]
[Round "1"]
[Result "1/2-1/2"]
[White "Alireza Firouzja"]
[Black "D Gukesh"]
[WhiteElo "2785"]
[BlackElo "2718"]
[PlyCount "150"]

1. e4 c5 2. Nf3 Nc6 3. Bb5 e6 4. O-O Nge7 5. Re1 a6 6. Bf1 d5 7. exd5 Nxd5 8. d4
Nf6 9. Be3 Be7 10. c4 O-O 11. Nc3 cxd4 12. Nxd4 Ne5 13. h3 Bd7 14. Rc1 Rc8 15.
Qb3 Qc7 16. Na4 Rcd8 17. Qb6 Qc8 18. Qa5 Qb8 19. Nb6 Bc6 20. Rcd1 Be4 21. Bg5
Rxd4 22. Rxd4 Nc6 23. Qd2 Bb4 24. Bxf6 Bxd2 25. Rxd2 gxf6 26. Rxe4 Ne5 27. c5
Rd8 28. Red4 Rxd4 29. Rxd4 Qc7 30. b4 Nc6 31. Rd7 Qf4 32. a3 Nd4 33. Nc4 e5 34.
Rxb7 Qc1 35. Ne3 Qe1 36. c6 Nxc6 37. Nf5 h5 38. Rd7 Qb1 39. Rd6 Nxb4 40. axb4
Qxf5 41. Rxa6 Kg7 42. Ra1 Qc2 43. b5 Qb2 44. Re1 f5 45. g3 Kf6 46. Re3 e4 47.
Re2 Qb1 48. Re3 Ke5 49. Kg2 Kd4 50. h4 Qb4 51. Be2 Ke5 52. Bxh5 Qxb5 53. Bxf7 f4
54. gxf4+ Kxf4 55. Bg6 Ke5 56. Bxe4 Kf6 57. Bf3 Qc4 58. Re4 Qd3 59. Rg4 Qd2 60.
h5 Qc1 61. Rg6+ Kf5 62. Bg4+ Kf4 63. Bf3 Qc3 64. Rg4+ Kf5 65. Rg3 Qd4 66. h6 Qh4
67. Rh3 Qg5+ 68. Kh1 Qc1+ 69. Kh2 Qf4+ 70. Kg2 Qg5+ 71. Kf1 Qc1+ 72. Ke2 Qc2+
73. Ke1 Qc3+ 74. Kf1 Qc1+ 75. Kg2 Qg5+ 1/2-1/2

[Event "Airthings Masters"]
[Site "chess.com INT"]
[Date "2023.02.03"]
[EventDate "2023.02.03"]
[Round "3"]
[Result "1-0"]
[White "Alireza Firouzja"]
[Black "Vasif Durarbayli"]
[WhiteElo "2785"]
[BlackElo "2635"]
[PlyCount "102"]

1. e4 c5 2. Nf3 d6 3. d4 cxd4 4. Nxd4 Nf6 5. Nc3 a6 6. Bd3 g6 7. f3 Nc6 8. Be3
Qb6 9. a3 e5 10. Nf5 Qc7 11. Ng3 Be6 12. O-O Bg7 13. Qd2 O-O 14. Bg5 Rac8 15.
Kh1 Nd7 16. Nf5 Bf6 17. Bxf6 Nxf6 18. Qh6 Ne8 19. f4 f6 20. Ne3 Qg7 21. Qh4 exf4
22. Qxf4 Ne5 23. Rad1 Nc7 24. Be2 Rcd8 25. Rd2 b5 26. Rfd1 Qe7 27. a4 b4 28.
Ncd5 Bxd5 29. Nxd5 Nxd5 30. Rxd5 Qc7 31. R1d2 a5 32. h3 Kg7 33. Qe3 Rfe8 34. Qd4
Nf7 35. Bc4 Re5 36. Rb5 Ng5 37. Bd5 Ne6 38. Qe3 Nc5 39. c3 b3 40. Bxb3 Rxe4 41.
Qf3 Re1+ 42. Kh2 d5+ 43. g3 Nxb3 44. Rxb3 Rde8 45. Rf2 Qc6 46. Rb5 Ra1 47. Rxd5
Ree1 48. Rd7+ Qxd7 49. Qxf6+ Kh6 50. Qf4+ g5 51. Qf6+ 1-0

[Event "Airthings Masters"]
[Site "chess.com INT"]
[Date "2023.02.03"]
[EventDate "2023.02.03"]
[Round "4"]
[Result "0-1"]
[White "Parham Maghsoodloo"]
[Black "Alireza Firouzja"]
[WhiteElo "2728"]
[BlackElo "2785"]
[PlyCount "92"]

1. d4 Nf6 2. c4 g6 3. Nc3 Bg7 4. e4 d6 5. Be2 O-O 6. Bg5 Na6 7. Qd2 e5 8. d5 Nc5
9. f3 h6 10. Be3 a5 11. g4 h5 12. h3 Nh7 13. h4 hxg4 14. fxg4 Nf6 15. Bxc5 dxc5
16. g5 Nh5 17. Bxh5 gxh5 18. Nge2 Bg4 19. Ng3 f6 20. g6 Qe8 21. Nf5 Kh8 22. Rg1
Qxg6 23. Qe3 b6 24. Ne2 Kh7 25. Rxg4 hxg4 26. h5 Qxh5 27. Neg3 Qg5 28. Qe2 Rh8
29. Kd1 Kg6 30. Kc2 Rh3 31. Rg1 Rah8 32. Nf1 g3 33. Rg2 Bh6 34. Kb3 Qh5 35. Qd3
Bf4 36. d6 cxd6 37. Ka4 Kh7 38. Qxd6 Qe8+ 39. Ka3 Qf7 40. Qxb6 Rg8 41. Qxc5 Rh2
42. Rg1 Qb7 43. Nxh2 gxh2 44. Rxg8 Qb4+ 45. Qxb4 axb4+ 46. Kxb4 Kxg8 0-1

[Event "Airthings Masters"]
[Site "chess.com INT"]
[Date "2023.02.03"]
[EventDate "2023.02.03"]
[Round "5"]
[Result "1-0"]
[White "Alireza Firouzja"]
[Black "Xiangyu Xu"]
[WhiteElo "2785"]
[BlackElo "2578"]
[PlyCount "82"]

1. e4 e6 2. d4 d5 3. e5 c5 4. c3 Nc6 5. Nf3 Bd7 6. Be2 Nge7 7. Na3 Ng6 8. h4
cxd4 9. cxd4 Bb4+ 10. Kf1 f6 11. h5 Ngxe5 12. dxe5 fxe5 13. h6 g6 14. Bg5 Qb8
15. Nc2 Bd6 16. Nh2 O-O 17. Ng4 Bc5 18. Nf6+ Rxf6 19. Bxf6 e4 20. Qd2 Qd6 21.
Bh4 Rf8 22. Kg1 d4 23. Rd1 d3 24. Bxd3 exd3 25. Qxd3 Qf4 26. Qd2 Qf7 27. Qxd7
Bxf2+ 28. Kh2 Bxh4 29. Rhf1 Bf6 30. Ne3 Ne5 31. Qxf7+ Rxf7 32. Rc1 Nc6 33. Ng4
Bg5 34. Rcd1 Rf5 35. Rfe1 e5 36. g3 Be7 37. Rd7 Rg5 38. Nf2 Kf7 39. Rxb7 Ke6 40.
Kg2 Rh5 41. Rh1 1-0